| 000 | 01167nam a2200325 a 4500 | ||
|---|---|---|---|
| 001 | BRCA_8525 | ||
| 005 | 20190320210324.0 | ||
| 008 | 100816s1714----fr-ba#####---#001-0#fre-# | ||
| 041 | _afre | ||
| 044 | _afr | ||
| 050 | 4 |
_aF1230 _b.C66 _c1714 |
|
| 100 | 1 |
_aCortez, Fernand _921387 |
|
| 245 | 1 | 0 |
_aHistoire de la Conqueste du Mexique, ou de la Nouvelle Espagne _cFernand Cortez; tr. Don Antoine de Solis. |
| 250 | _a4a. ed. | ||
| 260 |
_aParís _bCompagnie des libraries _c1714 |
||
| 300 |
_a2 v. _bMapas _c17 cm |
||
| 500 | _aFondo antiguo | ||
| 500 | _aSe encuentra en Caja Fuerte | ||
| 500 | _aS-108 | ||
| 500 | _aEn portada: Avec approbatio & privilegio du roy | ||
| 500 | _aIncluye tabla de los capitulos contenidos en este volumen y tabla de materias | ||
| 500 | _aContiene prefacio | ||
| 500 | _aCon Ex-libris de: Franz Mayer | ||
| 500 | _aNota de encuadernación: en piel con tapas de cartón | ||
| 506 | 0 | _aFondo reservado: para su consulta es necesario credencial de usuario y carta de motivos | |
| 650 | 1 | 4 |
_aMéxico _eHistoria _xConquista _y1519-1540 _921388 |
| 700 | 1 |
_aDon Antoine de Solis, tr. _921389 |
|
| 902 | _aLAR | ||
| 942 |
_2lcc _cB |
||
| 999 |
_c8191 _d8191 |
||